| 000 | 01115cam a22003254a 4500 | ||
|---|---|---|---|
| 999 |
_c533951 _d533951 |
||
| 001 | 15689450 | ||
| 003 | NUST | ||
| 005 | 20200125151848.0 | ||
| 008 | 090407s2009 pk ab b 001 0 eng | ||
| 010 | _a 2009355668 | ||
| 020 | _a9780195476262 | ||
| 025 | _aP-E-2009355668; 27 | ||
| 038 | _awaseem | ||
| 040 |
_aDLC _cDLC _dDLC |
||
| 042 | _alcode | ||
| 043 | _aa-pk--- | ||
| 050 | 0 | 0 |
_aHD9502.A42 _bP359 2009 |
| 082 |
_a333.7095491 _bPOW |
||
| 245 | 0 | 0 |
_aPowering Pakistan : _bmeeting Pakistan's energy needs in the 21st century / _cedited by Robert M. Hathaway, Michael Kugelman. |
| 260 |
_aKarachi : _bOxford University Press, _c2009. |
||
| 300 |
_axxix, 216 p. : _bill., maps; _c23 cm. |
||
| 504 | _aIncludes bibliographical references and index. | ||
| 650 | 0 |
_aEnergy industries _zPakistan. _928017 |
|
| 700 | 1 |
_aKugelman, Michael. _915043 |
|
| 700 | 1 |
_aHathaway, Robert M., _d1947- _928018 |
|
| 856 | 4 | 1 |
_3Table of contents only _uhttp://www.loc.gov/catdir/toc/fy0906/2009355668.html |
| 906 |
_a7 _bcbc _corigode _d3 _encip _f20 _gy-gencatlg |
||
| 942 |
_2ddc _cBK |
||